| 000 | 00942nam a22002897i 4500 | ||
|---|---|---|---|
| 003 | EG-ScBUE | ||
| 005 | 20230207071657.0 | ||
| 008 | 220731s2022 ua f 000 f ara d | ||
| 017 | _a2022 / 11076 | ||
| 020 | _a9789770937556 | ||
| 040 |
_aEG-ScBUE _bara _erda _cEG-ScBUE _dEG-ScBUE |
||
| 082 | 0 | 4 |
_222 _a892.736 _bف خ ر |
| 100 |
_aفخراني، أحمد، _eمؤلف. |
||
| 245 | 1 | 0 |
_aبار ليالينا / _cأحمد الفخراني. |
| 246 | 3 | 4 |
_aبار ليالينا : _bرواية |
| 250 | _aالطبعة الثانية. | ||
| 264 | 1 |
_aالقاهرة : _bدار الشروق، _c2022. |
|
| 300 |
_a152 صفحة ؛ _c19 سم |
||
| 336 |
_2rdacontent _aنص _btxt |
||
| 337 |
_2rdamedia _aبدون وسيط _bn |
||
| 338 |
_2rdacarrier _aمجلد _bnc |
||
| 541 | _aBook Fair 2023. | ||
| 650 | 7 |
_aالقصص العربية _yقرن 21. _2BUEsh |
|
| 653 |
_bARALIT _cFebruary2023 |
||
| 655 | _vReading book | ||
| 942 | _2ddc | ||
| 999 |
_c30107 _d30078 |
||